Hợp đồng kinh tế trong kinh doanh

Cập nhật và phân tích các quy định mới nhất về các loại hợp đồng trong đời sống dân sự và các quan hệ kinh doanh trên cơ sở bộ luật dân sự năm 2005 và Luật thương mại năm 2005; ngoài ra nhóm tác giả cũng cung cấp cho bạn đọc 10 mẫu hợp...

Descripción completa

Guardado en:
Detalles Bibliográficos
Autor principal: Bùi, Thị Khuyên
Formato: Libro
Lenguaje:Undetermined
Publicado: Hà Nội Thống Kê 2002
Materias:
Etiquetas: Agregar Etiqueta
Sin Etiquetas, Sea el primero en etiquetar este registro!
Thư viện lưu trữ: Trung tâm Học liệu Trường Đại học Cần Thơ
LEADER 01090nam a2200217Ia 4500
001 CTU_54299
008 210402s9999 xx 000 0 und d
020 |b 80000 
082 |a 343.59707 
082 |b Kh527 
100 |a Bùi, Thị Khuyên 
245 0 |a Hợp đồng kinh tế trong kinh doanh 
245 0 |c Bùi Thị Khuyên, Phạm Thanh Phấn và Phạm Thị Thùy Dương 
260 |a Hà Nội 
260 |b Thống Kê 
260 |c 2002 
520 |a Cập nhật và phân tích các quy định mới nhất về các loại hợp đồng trong đời sống dân sự và các quan hệ kinh doanh trên cơ sở bộ luật dân sự năm 2005 và Luật thương mại năm 2005; ngoài ra nhóm tác giả cũng cung cấp cho bạn đọc 10 mẫu hợp đồng thông dụng trong thương mại và đầu tư 
650 |a Economics,Business law,Contracts 
650 |x Laws and legislation 
904 |i Qhieu 
980 |a Trung tâm Học liệu Trường Đại học Cần Thơ